ბათუმის შოთა რუსთაველის სახელმწიფო უნივერსიტეტის ბიბლიოთეკა

CBT Worksheets: (ბიბ.ჩანაწერი № 60425)

000 -LEADER
fixed length control field 00896nam a22001937a 4500
005 - DATE AND TIME OF LATEST TRANSACTION
control field 20230714131356.0
008 - FIXED-LENGTH DATA ELEMENTS--GENERAL INFORMATION
fixed length control field 230714s2016en xxu||||| |||| 00| 0 eng d
020 ## - INTERNATIONAL STANDARD BOOK NUMBER
International Standard Book Number 9781800274570 X
041 ## - LANGUAGE CODE
Language code of text/sound track or separate title eng
080 ## - UNIVERSAL DECIMAL CLASSIFICATION NUMBER
Universal Decimal Classification number 159.9 M-24
100 ## - MAIN ENTRY--PERSONAL NAME
Personal name Manning James, (Author)
9 (RLIN) 19345
245 ## - TITLE STATEMENT
Title CBT Worksheets:
Remainder of title CBT worksheets for CBT therapists in training - Formulation worksheets, generic CBT cycle worksheets, thought records, thought ... worksheets and CBT handouts all in one book /
Statement of responsibility, etc. James Manning (Author), Nicola Ridgeway (Author)
264 ## - PRODUCTION, PUBLICATION, DISTRIBUTION, MANUFACTURE, AND COPYRIGHT NOTICE
Place of production, publication, distribution, manufacture USA :
Name of producer, publisher, distributor, manufacturer CBT Service Ltd,
Date of production, publication, distribution, manufacture, or copyright notice 2016.
300 ## - PHYSICAL DESCRIPTION
Extent 138 p.;
Other physical details ill;
Dimensions 29 cm.
653 ## - INDEX TERM--UNCONTROLLED
keyword ფსიქოლოგია
653 ## - INDEX TERM--UNCONTROLLED
keyword აზროვნების ჩანაწერები, აზროვნების სამუშაო ფურცლები
700 ## - ADDED ENTRY--PERSONAL NAME
Personal name Ridgeway Nicola, (Author)
9 (RLIN) 19346
942 ## - ADDED ENTRY ELEMENTS (KOHA)
Source of classification or shelving scheme
Koha item type წიგნი
ეგზემპლარები
Withdrawn status Lost status Source of classification or shelving scheme Damaged status Not for loan Permanent Location Current Location Shelving location Date acquired Cost, normal purchase price Full call number Barcode Date last seen Copy number Price effective from Koha item type Public note
          ბათუმის შოთა რუსთაველის სახელმწიფო უნივერსიტეტის მთავარი ბიბლიოთეკა ბათუმის შოთა რუსთაველის სახელმწიფო უნივერსიტეტის მთავარი ბიბლიოთეკა წიგნსაცავი 2023-07-14 111.00 159.9 M-24 64968 2023-07-14 64968 2023-07-14 წიგნი 111.00